00814nam a2200181 a 450000100100000000500170001000800410002704000250006808200160009324501240010926000360023330000200026950000830028904900090037295201140038195201200049599900170061500002836720200930054916.0110408s2006 dr 000 0 spa d aDO-SdBNPbspacBNPHU axxxxbA398p00aAlianza popular Candelier 2008 :bdocumentos básicos para facilitar el trabajo político de dirigentes y promotores. aSanto Domingo :bBúho,c2006. a27 p. ;c22 cm. aIncluye datos biográficos de Pedro de Jesús Candelier en la contracubierta aBNPD 0010718PDaPDbPDcHDd2011-04-08iLF1l0oxxxx A398pp28367-10r2020-06-25w2020-06-25yLFPDZNo se presta 0010718PDaPDbPDcHDd2018-04-04iLF1l0oxxxx A398pp28367-20r2020-06-25te. 2w2020-06-25yLFPDZNo se presta c27859d27859